Central Library OPAC University of Rajshahi

An Analytic study : (Record no. 19551)

MARC details
000 -LEADER
fixed length control field 01214nam a2200313 a 4500
001 - CONTROL NUMBER
control field 19551
003 - CONTROL NUMBER IDENTIFIER
rucl marc code BD-RjUL
005 - DATE AND TIME OF LATEST TRANSACTION
control field 20211209000440.0
008 - FIXED-LENGTH DATA ELEMENTS--GENERAL INFORMATION
fixed length control field 190310s1972 ii 001 0 eng d
020 ## - INTERNATIONAL STANDARD BOOK NUMBER
Terms of availability : IRs. 6.00
035 ## - SYSTEM CONTROL NUMBER
System control number (BD-RjUL)19611
040 ## - CATALOGING SOURCE
Original cataloging agency LC
Language of cataloging eng
Transcribing agency LC
Modifying agency WU
-- BD-RjUL
041 ## - LANGUAGE CODE
Language code of text/sound track or separate title eng
082 04 - DEWEY DECIMAL CLASSIFICATION NUMBER
Classification number 320.3
Author mark and year ALA 1972
100 1# - MAIN ENTRY--PERSONAL NAME
Personal name Almond, Gabriel A.
Fuller form of name (Gabriel Abraham),
Dates associated with a name 1911-2002.
9 (RLIN) 11258
245 10 - TITLE STATEMENT
Title An Analytic study :
Remainder of title Comparative politics : a developmental approach /
Statement of responsibility, etc. Gabriel A. Almond , G. Bingham Powell.
246 ## - VARYING FORM OF TITLE
Title proper/short title Comparative politics :
Remainder of title a developmental approach /
250 ## - EDITION STATEMENT
Edition statement Indian ed.
260 ## - PUBLICATION, DISTRIBUTION, ETC. (IMPRINT)
Place of publication, distribution, etc. New Delhi :
Name of publisher, distributor, etc. Amerind Publishing Co. Pvt. Ltd. ,
Date of publication, distribution, etc. 1972.
300 ## - PHYSICAL DESCRIPTION
Pagination [16], 348 p. ;
Size 21 cm.
490 0# - SERIES STATEMENT
Series statement The Little, Brown series in comparative politics.
500 ## - GENERAL NOTE
General note "This book has been published with the assistance of the joint Indian-american Textbook Programme"
504 ## - BIBLIOGRAPHY, ETC. NOTE
Bibliography, etc Includes index.
650 #0 - SUBJECT ADDED ENTRY--TOPICAL TERM
Topical term or geographic name as entry element Comparative government.
9 (RLIN) 4478
651 #0 - SUBJECT ADDED ENTRY--GEOGRAPHIC NAME
Geographic name Developing countries
General subdivision Politics and government.
9 (RLIN) 6865
700 1# - ADDED ENTRY--PERSONAL NAME
Personal name Powell, G. Bingham, jt. auth.
830 ## - SERIES ADDED ENTRY--UNIFORM TITLE
Uniform title The Little, Brown Series in Comparative Politics.
942 ## - ADDED ENTRY ELEMENTS (KOHA)
Source of classification or shelving scheme Dewey Decimal Classification
Koha item type Books
Holdings
Lost status Source of classification or shelving scheme Damaged status Not for loan Collection code Permanent Location Current Location Shelving location Date acquired Source of acquisition Total Checkouts Full call number Date last seen Copy number Koha item type
  Dewey Decimal Classification     Non-fiction Central Library, University of Rajshahi Central Library, University of Rajshahi   25/01/1974 U.S. Govt.   320.3 ALA 1972 25/02/2014 C-10 Books
  Dewey Decimal Classification     Non-fiction Central Library, University of Rajshahi Central Library, University of Rajshahi   25/01/1974 U. S.Govt.   320.3 ALA 1972 26/02/2014 C-2 Books
  Dewey Decimal Classification     Non-fiction Central Library, University of Rajshahi Central Library, University of Rajshahi Reading Room 25/01/1974 U.S. Govt.   320.3 ALA 1972 10/06/2014 C-8 Books
  Dewey Decimal Classification     Non-fiction Central Library, University of Rajshahi Central Library, University of Rajshahi   25/01/1974 U.S. Govt.   320.3 ALA 1972 10/06/2014 C-3 Books
  Dewey Decimal Classification     Non-fiction Central Library, University of Rajshahi Central Library, University of Rajshahi   25/01/1974 U.S. Govt.   320.3 ALA 1972 10/06/2014 C-4 Books
  Dewey Decimal Classification     Non-fiction Central Library, University of Rajshahi Central Library, University of Rajshahi   25/01/1974 U.S. Govt.   320.3 ALA 1972 10/06/2014 C-5 Books
  Dewey Decimal Classification     Non-fiction Central Library, University of Rajshahi Central Library, University of Rajshahi   25/01/1974 U.S. Govt.   320.3 ALA 1972 10/06/2014 C-6 Books
  Dewey Decimal Classification   Not For Loan Non-fiction Central Library, University of Rajshahi Central Library, University of Rajshahi Reading Room 25/01/1974     320.3 ALA 1972 12/06/2014 C-1 Books
  Dewey Decimal Classification     Non-fiction Central Library, University of Rajshahi Central Library, University of Rajshahi   25/01/1974 USIS   320.3 ALA 1972 12/06/2014 C-7 Books
  Dewey Decimal Classification     Non-fiction Central Library, University of Rajshahi Central Library, University of Rajshahi   10/02/1974 USIS   320.3 ALA 1972 12/06/2014 C-9 Books